|
|
|
|
| LEADER |
00659cam a2200193 7i4500 |
| 001 |
0000044396 |
| 005 |
20121109090000.0 |
| 020 |
|
|
|a 9789793858715 (pbk.)
|
| 090 |
0 |
0 |
|a BP43.I5
|b R85 2010
|
| 100 |
0 |
|
|a Rohinah M. Noor
|
| 245 |
1 |
0 |
|a KH Hasyim Asy'ari memodernisasi NU & pendidikan Islam
|c Rohinah M. Noor.
|
| 260 |
|
|
|a Jakarta Selatan:
|b Penerbit Grafindo Khazanah Ilmu,
|c 2010.
|
| 300 |
|
|
|a 210 p.;
|c 21 cm.
|
| 650 |
0 |
0 |
|a Islamic religious education --
|z Indonesia
|
| 997 |
|
|
|a Centre for Graduate Studies
|
| 998 |
|
|
|a Education Management, Master
|
| 998 |
|
|
|a Curriculum Management, Master
|
| 999 |
|
|
|a 0000053993
|b BOK
|c OPEN SHELF
|e 1st Floor, Shah Alam
|